Kucing - Kucing Hota Hai

Bibliographic Details
Main Author: Shahkang (Author)
Other Authors: Ahm Ahmad (Illustrator)
Format: Book
Published: Kuala Terengganu : Penerbitan Kata-Pilar 2017
Subjects:

MARC

LEADER 00000cam a2200000 7i4500
001 0000304708
005 20240403142309.0
006 ### ###
007 t
008 221026s2017 my a ### may
020 |a 9789672014140 
040 |a MBPJ   |b eng   |c MBPJ   |e rda 
090 0 0 |a 808.882   |b SHA 
100 0 |a Shahkang ,   |e author 
245 1 0 |a Kucing - Kucing Hota Hai   |c SHAHKANG ; Ilustrasi oleh AHM AHMAD 
264 1 |a Kuala Terengganu :   |b Penerbitan Kata-Pilar   |c 2017 
300 |a 201 pages :   |b illustrations ;   |c 20 cm. 
336 |a text  |2 rdacontent 
337 |a unmediated  |2 rdamedia 
338 |a volume  |2 rdacarrier 
650 0 |a Anecdotes 
650 0 |a Cats   |x Anecdotes 
650 0 |a Human-animal relationship   |v Anecdotes 
700 0 |a Ahm Ahmad ,   |e illustrator 
999 |a 00405449   |b BUKU   |c PINJAMAN   |e PERPUSTAKAAN KOMUNITI PETALING JAYA